English Royal Consorts by Portrait - Statistics

General Stats
  • This quiz has been taken 142 times
  • The average score is 14 of 42
Answer Stats
Picture Hint Answer % Correct
Mother of Elizabeth I Anne Boleyn
90%
19th Century Male Consort Albert of Saxe-Coburg and Gotha
77%
Paternal grandmother of Queen Elizabeth II Mary of Teck
73%
Daughter of the "Catholic Monarchs" Catherine of Aragon
70%
Queen from "Bridgerton" Charlotte of Mecklenburg-Strelitz
69%
The Wife that "survived" Catherine Parr
65%
Henry VIII's "ugly" wife Anne of Cleves
61%
Catholic wife of the beheaded king Henrietta Maria of France
57%
Longest serving British Consort Philip of Greece and Denmark
56%
Wife of Edward VII Alexandra of Denmark
55%
Queen Anne's husband George of Denmark and Norway
53%
The "White Queen" Elizabeth Woodville
51%
Henry VIII's "favourite" wife Jane Seymour
48%
Married to both the King of France and the King of England at some time Eleanor of Aquitaine
45%
Mother of Queen Elizabeth II Elizabeth Bowes-Lyon
44%
Wife of William the Conqueror Matilda of Flanders
44%
First Stuart Queen-Consort Anne of Denmark
40%
Last (British) Hanoverian Queen-Consort Adelaide of Saxe-Meiningen
38%
First cousin of Anne Boleyn Catherine Howard
34%
The "White Princess" Elizabeth of York
34%
Known as the "She-Wolf of France" Isabella of France
30%
Queen when the "War of the Roses" started Margaret of Anjou
29%
Castilian Wife of the "Hammer of the Scots" Eleanor of Castile
27%
Wife of George II Caroline of Brandenburg-Ansbach
23%
Mother of the first Jacobite pretender Mary of Modena
23%
Daughter of "Warwick the Kingmaker" Anne Neville
22%
Father of the first Plantagenet King Geoffrey of Anjou
19%
Portuguese wife of Charles II Catherine of Braganza
17%
Disputed Consort of the "Nine Days' Queen" Guildford Dudley
16%
Step-mother of Henry V Joan of Navarre
14%
Paternal grandmother of Henry VII (Tudor) Catherine of Valois
13%
Second wife of Henry I Adeliza of Louvain
12%
The only Queen-Consort to never foot in England Berengaria of Navarre
12%
Considered by contemporaries to have been a "model queen" Philippa of Hainault
12%
Second wife of Edward I Margaret of France
10%
God-daughter of Matilda of Flanders Matilda (Edith) of Scotland
10%
Mother of the original "People's Princess" Caroline of Brunswick-Wolfenbüttel
9%
Child bride of Richard II Isabella of Valois
9%
Sometimes been called the "Helen of the Middle Ages" Isabella of Angoulême
8%
Sister of 3 other Queen-Consorts Eleanor of Provence
6%
Only English Queen-Consort with no dowry Anne of Bohemia
5%
Wife of the only "Blois" English King Matilda of Boulogne
3%
No matching quizzes found
Score Distribution
Percent of People with Each Score
Percentile by Number Answered
Your Score History
You have not taken this quiz